1707 1018 1015 1171 1268 1058 1445 1105 1310 1996 1347 1951 1103 1174 1783 1126 1556 1028 1412 1125 1329 1026 1686 1206 1604 1149 1427 1075 1994 1405 1612 1266 1676 1739 1494 1769 1049 1597 1928 1731 1005 1482 1979 1963 1808 1749 1898 1588 1308 1662 1191 1626 1226 1976 1026 1686 1586 1463 1726 1537 1793 1954 1300 1264 1867 1411 1357 1299 1259 1738 1981 1316 1592 1131 1205 1851 1954 1689 1344 1863 1880 1269 1309 1822 1844 1854 1984 1391 1951 1893 1190 1153 1546 1398 1796 1101 1534 1914 1940 BCNSPRNW ULIB Ver.6.0+V

เปลี่ยนเป็นภาษาไทย

Change to English
 แสดงรายละเอียดบรรณานุกรม
  กลับหน้าหลัก

Brief Record : Get Marc (ISO 2709) : E-mail record : QR code < ปิดหน้าต่าง
LEADER : 00000nam 2200000uu 4500
001    13399126412
003     ULIB
008    020711s2018 th a 000 0 eng d
020    ^a9781496345868
060    ^aWY49^bJ33N
100    Janet R. Weber
245    ^aNurses Handbook of Health Assessment
250    ^a9th ed
260    ^aPhiladelphia :^bWolters Kluwer,^c2018
300    ^a848 pages;^b19 cm
650    ^aNursing Assessment-methods
650    ^aMedical HistoryTaking-methods
650    ^aPhysical Examination-methods
650    ^aHandbooks
945    ^p1419^l0^i004637
999    ^aประนอม เกษจรัล
รายการนี้ยังไม่มีแท็ก
คุณยังไม่ได้ล็อกอิน คุณสามารถมีกิจกรรมร่วมกับเว็บไซต์ได้ แต่ต้องล็อกอินก่อน ::
  ล็อกอิน

รายการสื่อสารสนเทศ

ลำดับที่ ประเภท เลขเรียก/บาร์โค้ด สถานที่ สถานะ
1. Book การพยาบาล
หนังสือสำรอง
สถานะ=หนังสือสำรอง
WY49 J33N ฉ.1 
  Barcode: 004637
ห้องสมุดวิทยาเขตสวรรค์ประชารักษ์
►หนังสือทั่วไป
บนชั้น

รายการใกล้เคียง
    ชื่อเรื่อง [Nurses Handbook of Health Assessment]

    ผู้แต่ง [Janet R. Weber]

    หัวเรื่อง [Nursing Assessment-methods]
    หัวเรื่อง [Medical HistoryTaking-methods]
    หัวเรื่อง [Physical Examination-methods]
    หัวเรื่อง [Handbooks]

BibComment


ยังไม่เคยถูกคอมเมนท์

คอมเมนท์ทรัพยากรรายการนี้
  คอมเมนท์: Nurses Handbook ..


 Copyright 2026. Bcnsprnw @Library